000 01090nam a2200325 i 4500
001 000014858
003 DO-SdBNP
005 20240902134825.0
007 ta
008 240814s2024 dr abc 000 0 spa d
020 _a9789993422907
040 _aDO-SdBNP
_bspa
_cBNPHU
_erda
041 _hspa
082 4 _a363.73
_bG643h
_222
100 1 _aGonzález, Geraldino,
_d1957-
_eautor
_920628
_4aut.
245 1 0 _aHaití SOS :
_bambiental y social /
_cGeraldino González
250 _aSegunda edición
264 _aSanto Domingo :
_bEditora Nuevo Diario,
_c2024.
300 _a245 páginas :
_bilustraciones, mapas y retratos ;
_c24 cm.
336 _atexto
_btxt
_2rdacontent
337 _asin mediación
_bn
_2rdamedia
338 _avolumen
_bnc
_2rdacarrier
590 _aInventariado, 2024/DG
650 4 _aPolítica ambiental
_97280
650 4 _aProtección de los recursos naturales
_986344
651 4 _aHaití
_xCondiciones sociales
_912666
700 1 _aLora Salcedo, Radhamés,
_933667
_eprologuista
_4pr.
910 _aDG. Validado, control de calidad/MAA
942 _2ddc
_cLBS1
999 _c57457
_d57457